CLT - Acadm̊ica e Profissional

Bibliographic Details
Main Author: Godinho Delgado, Mauricio
Other Authors: Neves Delgado, Gabriela
Format: eBook
Language:Old Provençal (to 1500), Old Occitan (to 1500)
Published: Sô Paulo: LTR, 2016
Subjects:
Online Access:Acceso restringido

MARC

LEADER 00000nam a22000007a 4500
005 20171123153836.0
007 cr|||| ||||
008 171123s2016 bl |||||s|||| 00||0 pro d
020 |a 978-85-361-9177-5 
035 |a 20891 
040 |a vLex 
090 |c 7245  |d 7245 
100 1 |a Godinho Delgado, Mauricio 
245 1 0 |a CLT - Acadm̊ica e Profissional  |h [Recurso electrn̤ico] /  |c Mauricio Godinho Delgado; Gabriela Neves Delgado 
256 |a Servicio en ln̕ea 
260 |a Sô Paulo:  |b LTR,  |c 2016 
300 |a 1 recurso electrn̤ico 
506 1 |a Disponible solo en los productos indicados  |d vLex Global  |d vLex Global (Academic Edition, excluding Law Schools)  |d vLex Global (U.S. Academic Edition, Law Schools)  |d vLex Global (U.S. Academic Edition, excluding Law Schools)  |d vLex Global (Academic Edition, Law Schools) 
650 0 4 |a Derecho Laboral  |z Brasil 
650 0 4 |a Seguridad Social  |z Brasil 
700 1 |a Neves Delgado, Gabriela 
740 0 |a vLex Libros (Servicio en ln̕ea) 
856 4 0 |u http://vlex.com/source/clt-acad-mica-profissional-20891  |z Acceso restringido 
942 |c BOOK 
999 0 |a Labor laws and legislation 
999 0 |a Social Security